|
|
|
|
| LEADER |
00777naa a2200205 i 4500 |
| 001 |
publ25600 |
| 005 |
20221122091837.0 |
| 008 |
221122s2021 hu o 0|| Magyar d |
| 020 |
|
|
|a 9786155961564
|
| 024 |
7 |
|
|a 31991758
|2 mtmt
|
| 040 |
|
|
|a SZTE Publicatio Repozitórium
|b hun
|
| 041 |
|
|
|a Magyar
|
| 100 |
1 |
|
|a Tóth Judit
|
| 245 |
1 |
0 |
|a Nyelvi ragályok a jogalkotásban
|h [elektronikus dokumentum] /
|c Tóth Judit
|
| 260 |
|
|
|a Károli Gáspár Református Egyetem Állam- és Jogtudományi Kar Lőrincz Lajos Közjogi Kutatóműhely
|b Budapest
|c 2021
|
| 300 |
|
|
|a 7
|
| 300 |
|
|
|a 69-75
|
| 490 |
0 |
|
|a A járvány hosszútávú hatása a magyar közigazgatásra
|
| 650 |
|
4 |
|a Jogtudomány
|
| 856 |
4 |
0 |
|u http://publicatio.bibl.u-szeged.hu/25600/3/31991758_publikacio.pdf
|z Dokumentum-elérés
|